Introducción a la química analítica / (Registro nro. 7896)
[ vista simple ]
| 000 -CABECERA | |
|---|---|
| Campo de control interno | 01863nam a2200253Ia 4500 |
| 008 - ELEMENTOS DE LONGITUD FIJA - INFORMACIÓN GENERAL | |
| Campo de control de longitud fija | 260220t1980||||xx |||||||||||||| ||spa|| |
| 040 ## - FUENTE DE CATALOGACIÓN | |
| Agencia de catalogación original | PY-SlUNAC |
| Idioma de catalogación | spa |
| Convenciones de descripción | rda |
| 041 ## - CÓDIGO DE IDIOMA | |
| Código de idioma para texto/pista de sonido o título separado | spa |
| 082 ## - NÚMERO DE CLASIFICACIÓN DECIMAL DEWEY | |
| Clasificación Decimal Dewey (CDD) | 543 |
| Clasificación Expansiva de Cutter (EC) | Sk55i |
| 100 ## - ASIENTO PRINCIPAL - NOMBRE PERSONAL | |
| Nombre personal | Skoog, Douglas |
| Rol del autor | Autor |
| 245 #0 - TÍTULO | |
| Título | Introducción a la química analítica / |
| Mención de responsabilidad | por Douglas Skoog [Autor] y Donald M. West [Autor] |
| 264 ## - PIE DE IMPRENTA | |
| Lugar | Barcelona : |
| Editorial | Reverté, |
| Año | ℗1980. |
| 300 ## - DESCRIPCIÓN FÍSICA | |
| Páginas | 1 volumen |
| 520 ## - NOTA DE RESUMEN | |
| Nota de resumen | "Introducción a la química analítica" de Douglas Skoog es una obra fundamental que aborda los principios y técnicas esenciales de la química analítica, facilitando la comprensión de los métodos utilizados para la identificación y cuantificación de sustancias químicas. El texto se estructura en torno a conceptos clave, como la precisión, exactitud y la importancia de la calibración en los análisis, así como la aplicación de la química analítica en diversas disciplinas. Skoog enfatiza la relevancia de las técnicas instrumentales y volumétricas, ofreciendo ejemplos prácticos que ilustran la teoría en contextos reales. El autor también dedica secciones a la estadística aplicada en la química, lo que permite al lector evaluar la calidad de los datos obtenidos. La obra es accesible tanto para estudiantes como para profesionales, presentando un enfoque didáctico que promueve un aprendizaje profundo de la química analítica. Con su estilo claro y estructurado, "Introducción a la química analítica" se convierte en un recurso valioso para el desarrollo de habilidades analíticas. |
| 653 ## - MATERIA - TÉRMINO TEMÁTICO NO CONTROLADO (PALABRAS CLAVE) | |
| Materia - término temático no controlado (palabras clave) | Métodos analíticos |
| 653 ## - MATERIA - TÉRMINO TEMÁTICO NO CONTROLADO (PALABRAS CLAVE) | |
| Materia - término temático no controlado (palabras clave) | Química |
| 653 ## - MATERIA - TÉRMINO TEMÁTICO NO CONTROLADO (PALABRAS CLAVE) | |
| Materia - término temático no controlado (palabras clave) | Química analítica |
| 700 ## - ENTRADA SECUNDARIA - AUTOR PERSONAL | |
| Nombre personal | West, Donald M. |
| Rol del autor | Autor |
| 942 ## - ELEMENTOS PERSONALIZADOS (KOHA) | |
| Fecha catalogación | 2026/02/17 |
| Tipo de documento | Libros |
| Fuente de Clasificacion | Colección | Ubicacion permanente | Biblioteca actual | Fecha de Ingreso a la Biblioteca | Origen de adquisición | Código de ubicación | Código de barras | Tipo de Item KOHA | Nota pública |
|---|---|---|---|---|---|---|---|---|---|
| Dewey Decimal Classification | Colección General (CG) | Biblioteca e Internet, Facultad de Ciencias Exactas y Naturales | Biblioteca e Internet, Facultad de Ciencias Exactas y Naturales | 02/20/2026 | Donación | 543 Sk55i | CG1256 | Libros | Material disponible en la Biblioteca e Intenet, Campus UNA, San Lorenzo. |


